000 00740aaa a22002171a 4500
001 78387
003 BD-RjUL
005 20211209083126.0
008 210915s2005 le ||||| |||| 001 0 ara d
020 _a9770268569
035 _a(BD-RjUL)78613
040 _aBD-RjUL
_beng
_cBD-RjUL
041 _aara
082 _223
_a892.7609
_bHUF 2005
100 1 0 _a Hussien, Taha ;; حسين, طه
_9247963
245 1 0 _aفي الأدب الجاهلي ;; Fī al-adab al-jāhilī /
_cTaha Hussien ;; طه حسين
260 _aالقاهرة :
_bدار المعارف ,
_c2005
650 _aالأدب العربي
_vتأريخ
_y٥٠٠-٦٠٠
_9247296
650 _a Arabic litterature
_v history
_y500-600
_9247964
942 _2ddc
_cBK
999 _c78387
_d78387